|
|
|
|
| LEADER |
00000nam0a2200000 4500 |
| 001 |
143997 |
| 005 |
20240215090612.0 |
| 035 |
|
|
|a (RuTPU)RU\TPU\book\156062
|
| 090 |
|
|
|a 143997
|
| 100 |
|
|
|a 20080929d2008 k y0rusy50 ca
|
| 101 |
0 |
|
|a rus
|
| 102 |
|
|
|a RU
|
| 105 |
|
|
|a a z 101zy
|
| 200 |
1 |
|
|a Лабораторные информационные системы: их роль в обеспечении требований стандартов и контроля качества измерений
|e сборник трудов Всероссийской школы-семинара, 15-18 сентября 2008 г., Томск
|f Томский Центр стандартизации, метрологии и сертификации ТПУ ; Томский университет систем управления и радиоэлектроники ; под ред. И. И. Сквирской
|
| 210 |
|
|
|a Томск
|c Изд-во ТПУ
|d 2008
|
| 215 |
|
|
|a 167 с.
|c ил.
|
| 320 |
|
|
|a Библиогр. в конце докл.
|
| 330 |
|
|
|a В работе школы-семинара приняли участие более 100 специалистов, представляющих интересы 35 учреждений, организаций и предприятий России. Большое внимание уделено современным требованиям к аналитическим лабораториям и вопросам их аккредитации, разработке общей структуры и отдельных составляющих элементов лабораторной информационно-управляющей системы (ЛИУС) «Химик-аналитик», опыту адаптации и внедрения ЛИУС в аналитических лабораториях предприятий разного профиля, актуальности введения в учебный процесс подготовки инженеров-химиков курсов по информационным системам для аналитических лабораторий и современным требованиям к ним, их роли в обеспечении качества выпускаемой продукции. Материалы сборника предназначены специалистам аналитических лабораторий предприятий и контролирующих учреждений, разработчикам информационных технологий, а также научным работникам и студентам химико-технологических специальностей.
|
| 452 |
|
1 |
|0 (RuTPU)RU\TPU\book\158838
|t Лабораторные информационные системы: их роль в обеспечении требований стандартов и контроля качества измерений
|o сборник трудов Всероссийской школы-семинара, 15-18 сентября 2008 г., Томск
|f Томский политехнический университет (ТПУ), Научно-исследовательский институт высоких напряжений (НИИВН) ; Сибирский сертификационный центр ; Уральский научно-исследовательский институт метрологии (УНИИМ) ; Томский Центр стандартизации, метрологии и сертификации ; Томский Филиал Академии стандартизации, метрологии и сертификации ; Томский университет систем управления и радиоэлектроники ; Лабораторные информационные системы: их роль в обеспечении требований стандартов и контроля качества измерений ; под ред. И. И. Сквирской ; Е. П. Адамовой ; О. В. Терещенко ; А. Г. Терещенко ; А. Л. Юнак
|c Томск
|n Изд-во ТПУ
|d 2008
|
| 606 |
1 |
|
|a Химические лаборатории
|x Оборудование
|2 stltpush
|3 (RuTPU)RU\TPU\subj\72789
|9 86183
|
| 606 |
1 |
|
|a Вычислительная техника
|x Применение в аналитической химии
|2 stltpush
|3 (RuTPU)RU\TPU\subj\73386
|9 86418
|
| 610 |
1 |
|
|a лабораторные информационные системы
|
| 610 |
1 |
|
|a школы-семинары
|
| 610 |
1 |
|
|a аналитическая химия
|
| 610 |
1 |
|
|a аккредитация
|
| 610 |
1 |
|
|a ЛИУС
|
| 610 |
1 |
|
|a Химик-аналитик
|
| 610 |
1 |
|
|a инженеры-химики
|
| 610 |
1 |
|
|a подготовка
|
| 610 |
1 |
|
|a научные статьи
|
| 610 |
1 |
|
|a химическая технология
|
| 610 |
1 |
|
|a стандартизация
|
| 610 |
1 |
|
|a контроль
|
| 610 |
1 |
|
|a измерения
|
| 610 |
1 |
|
|a качество
|
| 675 |
|
|
|a 543:004(063)
|v 3
|
| 675 |
|
|
|a 542.2(063)
|v 3
|
| 702 |
|
1 |
|a Сквирская
|b И. И.
|4 340
|
| 712 |
1 |
2 |
|a Лабораторные информационные системы: их роль в обеспечении требований стандартов и контроля качества измерений
|c семинар
|e Томск
|f 2008
|
| 712 |
0 |
2 |
|a Томский политехнический университет (ТПУ)
|c (1991- )
|3 (RuTPU)RU\TPU\col\376
|
| 712 |
0 |
2 |
|a Томский Центр стандартизации, метрологии и сертификации
|3 (RuTPU)RU\TPU\col\13402
|
| 712 |
0 |
2 |
|a Томский университет систем управления и радиоэлектроники
|3 (RuTPU)RU\TPU\col\13403
|9 25650
|
| 801 |
|
1 |
|a RU
|b 63413507
|c 20080929
|g PSBO
|
| 801 |
|
2 |
|a RU
|b 63413507
|c 20140901
|g PSBO
|
| 942 |
|
|
|c BK
|